000 00502nam a2200169 i 4500
001 122292
003 ES-MaACL
005 20250906063108.0
007 t|
008 070522s1906 sp ||||1| spa d
100 0 _aValle Ameno, Angel Manuel Sánchez-Rubio Ibáñez,
_cMarqués de
_9112779
245 1 0 _aDe la monarquía /
_cMarqués de Valle Ameno.
260 _aBarcelona :
_b[s.n.,
_c1906?]
300 _a19 p. ;
_c22 cm.
852 _aES-MaACL
_jT-1074-F-10
999 _c122292
_d122292